| 000 | 00481nam a22001937a 4500 | ||
|---|---|---|---|
| 003 | CEME | ||
| 005 | 20210628203542.0 | ||
| 008 | 210121b xxu||||| |||| 00| 0 eng d | ||
| 020 | _a0-07-287550-X | ||
| 040 | _cceme | ||
| 082 | _a658.3124 NOE | ||
| 100 |
_aNoe, Raymond .A _97939 |
||
| 245 | _aEmployee training and development | ||
| 250 | _a3RD | ||
| 260 |
_aNEW YORK _bMCGRAW HILL _c2003 |
||
| 300 | _aXV, 464 P | ||
| 650 |
_aEMPLOYEES -TRAINING _966205 |
||
| 942 |
_cBK _2ddc |
||
| 999 |
_c574206 _d574206 |
||